Loading...
| History - American History | 0 | 3 | 0 | 1 | 30 | 110 | 119.33 | 1 | 3 |
| Mythology | 0 | 2 | 0 | 1 | 20 | 115 | 123.00 | 0 | 2 |
| History - Other History | 0 | 1 | 0 | 1 | 10 | 135 | 135.00 | 1 | 1 |
| Literature - American Literature | 0 | 1 | 0 | 0 | 10 | 109 | 109.00 | 0 | 1 |
| Literature - British Literature | 0 | 1 | 0 | 0 | 10 | 143 | 143.00 | 1 | 1 |
| Fine Arts - Classical Music | 0 | 1 | 0 | 0 | 10 | 108 | 108.00 | 1 | 1 |
| Fine Arts - Painting and Sculpture | 0 | 1 | 0 | 0 | 10 | 107 | 107.00 | 0 | 1 |
| Religion | 0 | 1 | 0 | 0 | 10 | 131 | 131.00 | 0 | 1 |
| Science - Other Science | 0 | 1 | 0 | 1 | 10 | 127 | 127.00 | 0 | 1 |
| Science - Physics | 0 | 1 | 0 | 0 | 10 | 124 | 124.00 | 0 | 1 |
| Pop Culture | 0 | 1 | 0 | 0 | 10 | 39 | 39.00 | 1 | 1 |
| Science - Biology | 0 | 1 | 1 | 0 | 5 | 130 | 130.00 | 0 | 1 |
| Fine Arts - Other Fine Arts | 0 | 0 | 0 | 0 | 0 | 0.00 | 0 | 0 | |
| Social Science | 0 | 0 | 1 | 0 | -5 | 0.00 | 0 | 0 |